000 00675nam a2200289Ia 4500
005 20260324142034.0
008 008 260324s9999 xx 000 0 eng d
020 _a9780203991282
037 _aEBOOK
040 _aCRL
040 _beng
040 _cCRL
041 _2eng
041 _aeng
084 _qCRL
100 _aNathaniel Lichfield
_91210455
245 0 _aCommunity Impact Evaluation
245 0 _bPrinciples And Practice
260 _bTaylor and Francis
260 _c1996
365 _a
365 _b390
856 _uhttp://www.taylorfrancis.com/books/9780203991282
942 _cEBOOK
999 _c1814194
_d1814194